<?xml version="1.0" encoding="UTF-8"?>
<record
    xmlns:xsi="http://www.w3.org/2001/XMLSchema-instance"
    xsi:schemaLocation="http://www.loc.gov/MARC21/slim http://www.loc.gov/standards/marcxml/schema/MARC21slim.xsd"
    xmlns="http://www.loc.gov/MARC21/slim">

  <leader>02955njm a2200505Ia 4500</leader>
  <controlfield tag="001">27373</controlfield>
  <controlfield tag="003">IT-RoPAU</controlfield>
  <controlfield tag="005">20220918181119.0</controlfield>
  <controlfield tag="008">131025s9999    xx            000 0 und d</controlfield>
  <datafield tag="040" ind1=" " ind2=" ">
    <subfield code="a">IT-RoPAU</subfield>
  </datafield>
  <datafield tag="040" ind1=" " ind2=" ">
    <subfield code="c">IT-RoPAU</subfield>
  </datafield>
  <datafield tag="041" ind1=" " ind2=" ">
    <subfield code="a">INGLESE</subfield>
  </datafield>
  <datafield tag="999" ind1=" " ind2=" ">
    <subfield code="c">99629</subfield>
    <subfield code="d">99629</subfield>
  </datafield>
  <datafield tag="999" ind1=" " ind2=" ">
    <subfield code="b">n.d.</subfield>
  </datafield>
  <datafield tag="100" ind1=" " ind2=" ">
    <subfield code="a">AA.VV.</subfield>
    <subfield code="9">794</subfield>
  </datafield>
  <datafield tag="100" ind1=" " ind2=" ">
    <subfield code="e">Autore musica</subfield>
    <subfield code="9">17823</subfield>
  </datafield>
  <datafield tag="100" ind1=" " ind2=" ">
    <subfield code="g">Codice autore musica SPICS: 12000</subfield>
    <subfield code="9">796</subfield>
  </datafield>
  <datafield tag="245" ind1=" " ind2=" ">
    <subfield code="a">We Are The World-Usa For Africa</subfield>
  </datafield>
  <datafield tag="250" ind1=" " ind2=" ">
    <subfield code="a">1a ed.</subfield>
  </datafield>
  <datafield tag="260" ind1=" " ind2=" ">
    <subfield code="a">HOLLAND</subfield>
  </datafield>
  <datafield tag="260" ind1=" " ind2=" ">
    <subfield code="b">CBS</subfield>
    <subfield code="c">1985 [1a Ed.:1985 - Ed. Lingua Orig.: 1985]</subfield>
  </datafield>
  <datafield tag="300" ind1=" " ind2=" ">
    <subfield code="a">DISCO</subfield>
  </datafield>
  <datafield tag="300" ind1=" " ind2=" ">
    <subfield code="c">43 minuti (Testo:  pag.)</subfield>
  </datafield>
  <datafield tag="500" ind1=" " ind2=" ">
    <subfield code="a">Musica pop</subfield>
  </datafield>
  <datafield tag="505" ind1=" " ind2=" ">
    <subfield code="a">Good For Nothing [(Chicago) (4:00)] - Trouble In Paradise [(Lewis Huey) (5:00)] - If Only For the Moment, Girl [(Perry Steve) (4:00)] - Just A Little Closer [(The Pointer Sisters) (4:00)] - 4 the Tears In Your Eyes [(Prince) (3:00)] - A Little More Love [(Rogers Kenny) (3:00)] - Trapped [(Springsteen Bruce) (6:00)] - Total Control [(Turner Tina) (4:00)] - Tears Are Not Enough [(Northern Lights) (5:00)]</subfield>
  </datafield>
  <datafield tag="650" ind1=" " ind2=" ">
    <subfield code="a">POP [DISCHI]</subfield>
    <subfield code="e">Codice MATERIA SPICS: 9950</subfield>
    <subfield code="9">1001</subfield>
  </datafield>
  <datafield tag="700" ind1=" " ind2=" ">
    <subfield code="a">Marx R.</subfield>
    <subfield code="d">Codice autore musica SPICS: 28250</subfield>
    <subfield code="e">Autore musica</subfield>
    <subfield code="p">Good For Nothing</subfield>
    <subfield code="9">17824</subfield>
  </datafield>
  <datafield tag="700" ind1=" " ind2=" ">
    <subfield code="a">Lamm B.</subfield>
    <subfield code="d">Codice autore SPICS: 28251</subfield>
    <subfield code="e">Autore</subfield>
    <subfield code="p">Good For Nothing</subfield>
    <subfield code="9">17825</subfield>
  </datafield>
  <datafield tag="700" ind1=" " ind2=" ">
    <subfield code="a">Foster David</subfield>
    <subfield code="d">Codice autore testo/musica SPICS: 21699</subfield>
    <subfield code="e">Autore testo/musica</subfield>
    <subfield code="p">Good For Nothing</subfield>
    <subfield code="9">17826</subfield>
  </datafield>
  <datafield tag="700" ind1=" " ind2=" ">
    <subfield code="a">Lewis Huey</subfield>
    <subfield code="d">Codice autore musica SPICS: 13177</subfield>
    <subfield code="e">Autore musica</subfield>
    <subfield code="p">Trouble In Paradise</subfield>
    <subfield code="9">17827</subfield>
  </datafield>
  <datafield tag="700" ind1=" " ind2=" ">
    <subfield code="a">Colla J.</subfield>
    <subfield code="d">Codice autore SPICS: 28252</subfield>
    <subfield code="e">Autore</subfield>
    <subfield code="p">Trouble In Paradise</subfield>
    <subfield code="9">17828</subfield>
  </datafield>
  <datafield tag="700" ind1=" " ind2=" ">
    <subfield code="a">Goodrum Randy</subfield>
    <subfield code="d">Codice autore musica SPICS: 28253</subfield>
    <subfield code="e">Autore musica</subfield>
    <subfield code="p">If Only For the Moment, Girl</subfield>
    <subfield code="9">17829</subfield>
  </datafield>
  <datafield tag="700" ind1=" " ind2=" ">
    <subfield code="a">Perry Steve</subfield>
    <subfield code="d">Codice autore SPICS: 13176</subfield>
    <subfield code="e">Autore</subfield>
    <subfield code="p">If Only For the Moment, Girl</subfield>
    <subfield code="9">17830</subfield>
  </datafield>
  <datafield tag="700" ind1=" " ind2=" ">
    <subfield code="a">Nevil R.</subfield>
    <subfield code="d">Codice autore musica SPICS: 28254</subfield>
    <subfield code="e">Autore musica</subfield>
    <subfield code="p">Just A Little Closer</subfield>
    <subfield code="9">17831</subfield>
  </datafield>
  <datafield tag="700" ind1=" " ind2=" ">
    <subfield code="a">Mueller M.</subfield>
    <subfield code="d">Codice autore SPICS: 28255</subfield>
    <subfield code="e">Autore</subfield>
    <subfield code="p">Just A Little Closer</subfield>
    <subfield code="9">17832</subfield>
  </datafield>
  <datafield tag="700" ind1=" " ind2=" ">
    <subfield code="a">Prince</subfield>
    <subfield code="d">Codice autore musica SPICS: 2331</subfield>
    <subfield code="e">Autore musica</subfield>
    <subfield code="p">4 the Tears In Your Eyes</subfield>
    <subfield code="9">17833</subfield>
  </datafield>
  <datafield tag="700" ind1=" " ind2=" ">
    <subfield code="a">Schuyler T.</subfield>
    <subfield code="d">Codice autore musica SPICS: 28257</subfield>
    <subfield code="e">Autore musica</subfield>
    <subfield code="p">A Little More Love</subfield>
    <subfield code="9">17834</subfield>
  </datafield>
  <datafield tag="700" ind1=" " ind2=" ">
    <subfield code="a">Knobloch F.</subfield>
    <subfield code="d">Codice autore SPICS: 28258</subfield>
    <subfield code="e">Autore</subfield>
    <subfield code="p">A Little More Love</subfield>
    <subfield code="9">17835</subfield>
  </datafield>
  <datafield tag="700" ind1=" " ind2=" ">
    <subfield code="a">Cliff J.</subfield>
    <subfield code="d">Codice autore musica SPICS: 28259</subfield>
    <subfield code="e">Autore musica</subfield>
    <subfield code="p">Trapped</subfield>
    <subfield code="9">17836</subfield>
  </datafield>
  <datafield tag="700" ind1=" " ind2=" ">
    <subfield code="a">Davis Miles</subfield>
    <subfield code="d">Codice autore musica SPICS: 10734</subfield>
    <subfield code="e">Autore musica</subfield>
    <subfield code="p">Total Control</subfield>
    <subfield code="9">17837</subfield>
  </datafield>
  <datafield tag="700" ind1=" " ind2=" ">
    <subfield code="a">Jourad J.</subfield>
    <subfield code="d">Codice autore SPICS: 28260</subfield>
    <subfield code="e">Autore</subfield>
    <subfield code="p">Total Control</subfield>
    <subfield code="9">17838</subfield>
  </datafield>
  <datafield tag="700" ind1=" " ind2=" ">
    <subfield code="a">Foster David</subfield>
    <subfield code="d">Codice autore musica SPICS: 21699</subfield>
    <subfield code="e">Autore musica</subfield>
    <subfield code="p">Tears Are Not Enough</subfield>
    <subfield code="9">17839</subfield>
  </datafield>
  <datafield tag="700" ind1=" " ind2=" ">
    <subfield code="a">Adams Bryan</subfield>
    <subfield code="d">Codice autore SPICS: 24483</subfield>
    <subfield code="e">Autore</subfield>
    <subfield code="p">Tears Are Not Enough</subfield>
    <subfield code="9">17840</subfield>
  </datafield>
  <datafield tag="700" ind1=" " ind2=" ">
    <subfield code="a">Vallance Jim</subfield>
    <subfield code="d">Codice autore testo/musica SPICS: 28261</subfield>
    <subfield code="e">Autore testo/musica</subfield>
    <subfield code="p">Tears Are Not Enough</subfield>
    <subfield code="9">17841</subfield>
  </datafield>
  <datafield tag="942" ind1=" " ind2=" ">
    <subfield code="c">MD</subfield>
    <subfield code="2">ddc</subfield>
  </datafield>
  <datafield tag="952" ind1=" " ind2=" ">
    <subfield code="0">0</subfield>
    <subfield code="1">0</subfield>
    <subfield code="4">0</subfield>
    <subfield code="6">27373_000000000000000</subfield>
    <subfield code="7">1</subfield>
    <subfield code="a">SPICS</subfield>
    <subfield code="b">SPICS</subfield>
    <subfield code="d">2013-10-25</subfield>
    <subfield code="l">0</subfield>
    <subfield code="o">27373</subfield>
    <subfield code="r">2013-10-25 00:00:00</subfield>
    <subfield code="w">2013-10-25</subfield>
    <subfield code="y">MD</subfield>
    <subfield code="z">Progr. Ins.: 6930 / N.Vol.: 1 / Copie: 1 - Copia rara: n.d. / date import: 01.01.2014 - By Epidotti, Trombetti, Vaglietti</subfield>
  </datafield>
</record>
